Vincitori David di Donatello per il miglior attore protagonista - Statistics

Statistiche generali
  • Questo quiz è stato fatto 48 volte
  • Il punteggio medio è 51 su 73
Statistiche sulle risposte
Anno Film Attore % Corretto
1989 Il piccolo diavolo Roberto Benigni
100%
1998 La vita è bella Roberto Benigni
100%
1981 Ricomincio da tre Massimo Troisi
94%
2020 Il traditore Pierfrancesco Favino
94%
1982 Borotalco Carlo Verdone
92%
1992 Maledetto il giorno che t'ho incontrato Carlo Verdone
92%
1964 Ieri, oggi, domani Marcello Mastroianni
92%
1965 Matrimonio all'italiana Marcello Mastroianni
92%
1986 Ginger e Fred Marcello Mastroianni
92%
1988 Oci ciornie Marcello Mastroianni
92%
1995 Sostiene Pereira Marcello Mastroianni
92%
2005 Le conseguenze dell'amore Toni Servillo
92%
2008 La ragazza del lago Toni Servillo
92%
2009 Il divo Toni Servillo
92%
2014 La grande bellezza Toni Servillo
92%
1956 Pane, amore e... Vittorio De Sica
92%
1960 La grande guerra Vittorio Gassman
92%
1963 Il sorpasso Vittorio Gassman
92%
1965 La congiuntura Vittorio Gassman
92%
1967 l tigre Vittorio Gassman
92%
1975 Profumo di donna Vittorio Gassman
92%
1979 Caro papà Vittorio Gassman
92%
1987 La famiglia Vittorio Gassman
92%
1960 La grande guerra Alberto Sordi
86%
1961 Tutti a casa Alberto Sordi
86%
1966 Fumo di Londra Alberto Sordi
86%
1969 Il medico della mutua Alberto Sordi
86%
1972 Detenuto in attesa di giudizio Alberto Sordi
86%
1973 Lo scopone scientifico Alberto Sordi
86%
1977 Un borghese piccolo piccolo Alberto Sordi
86%
2007 Mio fratello è figlio unico Elio Germano
81%
2011 - La nostra vita Elio Germano
81%
2015 Il giovane favoloso Elio Germano
81%
2021 Volevo nascondermi Elio Germano
81%
2016 Lo chiamavano Jeeg Robot Claudio Santamaria
75%
1991 Il portaborse Nanni Moretti
75%
2006 Il caimano Silvio Orlando
72%
2022 Ariaferma Silvio Orlando
72%
1967 L'immorale Ugo Tognazzi
72%
1971 La Califfa Ugo Tognazzi
72%
1976 Amici miei Ugo Tognazzi
72%
1972 Mimì metallurgico ferito nell'onore Giancarlo Giannini
67%
1984 Mi manda Picone Giancarlo Giannini
67%
1996 Celluloide Giancarlo Giannini
67%
2002 Ti voglio bene Eugenio Giancarlo Giannini
67%
1970 Indagine su un cittadino al di sopra di ogni sospetto Gian Maria Volonté
64%
1990 Porte aperte Gian Maria Volonté
64%
2019 Sulla mia pelle Alessandro Borghi
61%
2001 I cento passi Luigi Lo Cascio
61%
1999 Radiofreccia Stefano Accorsi
61%
2017 Veloce come il vento Stefano Accorsi
61%
1969 Vedo nudo Nino Manfredi
56%
1970 Nell'anno del Signore Nino Manfredi
56%
1974 Pane e cioccolata Nino Manfredi
56%
1978 In nome del Papa Re Nino Manfredi
56%
1990 La voce della luna Paolo Villaggio
56%
1993 Il grande cocomero Sergio Castellitto
56%
2004 Non ti muovere Sergio Castellitto
56%
2010 La prima cosa bella Valerio Mastandrea
56%
2013 Gli equilibristi Valerio Mastandrea
56%
1983 Io, Chiara e lo Scuro Francesco Nuti
50%
1985 Casablanca, Casablanca Francesco Nuti
50%
1976 Bluff - Storia di truffe e di imbroglioni Adriano Celentano
47%
1980 Mani di velluto Adriano Celentano
47%
2023 Esterno notte Fabrizio Gifuni
42%
2012 Habemus Papam Michel Piccoli
39%
1968 Il giorno della civetta Franco Nero
36%
1997 Testimone a rischio Fabrizio Bentivoglio
25%
2003 La finestra di fronte Massimo Girotti
25%
2000 Pane e tulipani Bruno Ganz
22%
1994 Il giudice ragazzino Giulio Scarpati
22%
1962 Uno sguardo dal ponte (Vu du pont) Raf Vallone
19%
2018 La tenerezza Renato Carpentieri
11%
Nessun quiz corrispondente trovato
Distribuzione punteggi
Percentuale di utenti per punteggio
Percentile per numero di risposta
I tuoi punteggi nel tempo
Non hai fatto questo quiz